Etnografické múzeum Oravy - Námestovo

Na minha lista:
Detalhes bibliográficos
Autor principal: Santová, Tatiana (Author)
Outros Autores: Kuráň, Jozef (Thesis advisor)
Formato: Manuscrito Livro
Idioma:eslovaco
Publicado em: 2020
Assuntos:
Acesso em linha:http://is.stuba.sk/zp/portal_zp.pl?podrobnosti=159078
https://opac.crzp.sk/?fn=detailBiblioForm&sid=6A51EE906317AC868C29E4B2A649
Tags: Adicionar Tag
Sem tags, seja o primeiro a adicionar uma tag!

MARC

LEADER 00000ntm a22000003a 4500
001 stuzp79393
003 SK-STU
005 20230522143645.2
007 ta
008 150427s2015----xo-----f-mn---000-0-slo-d
040 |a STU  |b slo 
041 0 |a slo 
100 1 |a Santová, Tatiana  |u 010310  |4 aut  |U SvF Stavebná fakulta  |T SvF Katedra architektúry  |X 75666  |U V181|V310  |Y 19  |7 75666 
242 0 1 |a Ethnographic Museum of Orava Region - Námestovo  |y eng 
245 1 0 |a Etnografické múzeum Oravy - Námestovo 
260 |c 2020 
650 4 |a múzeum  |2 slo 
650 4 |a Orava  |2 slo 
650 4 |a etnografia  |2 slo 
650 4 |a Námestovo  |2 slo 
650 4 |a Orava  |2 eng 
650 4 |a ethnography  |2 eng 
650 4 |a Námestovo  |2 eng 
650 4 |a museum  |2 eng 
700 1 |a Kuráň, Jozef  |u 010310  |k Z1  |4 ths  |U SvF Stavebná fakulta  |T SvF Katedra architektúry  |X 710  |U V181|V310  |Y 19  |7 A000000710 
856 4 |u http://is.stuba.sk/zp/portal_zp.pl?podrobnosti=159078 
856 4 |u https://opac.crzp.sk/?fn=detailBiblioForm&sid=6A51EE906317AC868C29E4B2A649